000
00311 a2200121 4500
001
ART_33041
005
20260410161926.0
008
260409a
245
1
0
_a
Risgo soberano
100
1
_a
Porta, Marcos
700
1
_a
Perotti, Estrella
773
0
_t
Lecturas
_g
- NÂș 18 (ene. 2015)
_w
REV19328
999
_c
28176
_d
28176